000 00569ntaaa2200217 4500
003 01
005 20251027203221.0
008 0714s1973 ag 01
020 _a9974755387
040 _aAR-BaBN
_bspa
_cAR-BaBN
_eaacr
_dRIC
082 _a860 M63
100 _aMilován, Guillermo
_95766
245 _aInfluencia de la Biblia en la literatura Uruguaya /
_cGuillermo Milován
250 _a1ª ed.
260 _aMontevideo :
_bACUPS,
_c1999
300 _a128 p.
650 _aLITERATURA URUGUAYA
650 _aBIBLIA
_9468
650 _aCULTURA
_92043
942 _cBK
999 _c27630
_d27630